[Event "Jakarta m"]
[Site "Jakarta"]
[Date "1996.??.??"]
[Round "6"]
[White "Adianto, Utut"]
[Black "Short, Nigel D"]
[Result "1/2-1/2"]
[WhiteElo "2610"]
[BlackElo "2655"]
[Annotator "Short,N"]
[PlyCount "72"]
[EventDate "1996.??.??"]
[EventType "match"]
[EventRounds "6"]
[EventCountry "INA"]
[SourceTitle "CBM 051"]
[Source "ChessBase"]
[SourceDate "1996.04.01"]
[SourceVersion "1"]
[SourceVersionDate "1996.04.01"]
[SourceQuality "1"]

1. d4 Nf6 2. c4 e6 3. Nf3 b6 4. g3 Ba6 5. b3 Bb4+ 6. Bd2 Bxd2+ 7. Qxd2 c6 8.
Bg2 d5 9. O-O O-O 10. Qb4 Bb7 (10... Ne4 $6 {Karpov,A-Short,N/ Amsterdam VSR
1988}) 11. Nbd2 c5 12. Qa3 (12. dxc5 Na6 $10) 12... Nbd7 13. Rfd1 a5 14. Ne5 $6
(14. Rac1 $142) 14... cxd4 15. Nxd7 Qxd7 16. Nf3 Rfd8 17. Rxd4 Rac8 18. Rad1 $5
(18. cxd5 $142 Bxd5 19. Rad1) 18... Qc7 $15 19. cxd5 Rxd5 20. Ne1 Rxd4 21. Rxd4
Bxg2 (21... Ba6 $5 22. Qd6 $140 $6 (22. Qb2 $142) 22... Qc3) 22. Kxg2 e5 23.
Rc4 $1 Qb7+ 24. Nf3 Rxc4 25. bxc4 Qc7 26. Qb2 Nd7 27. Qb5 {Black's advantage
is too slender to hold much prospect of victory.} Kf8 28. Qd5 h6 29. Nd2 Ke7 {
I think that my mind must have been on the return flight to Athens otherwise I
would have found 29...Nf6 which still leaves a small plus.} 30. Ne4 f5 31. Nc3
Nf6 32. Qb5 Kd6 33. Qb3 Qc6+ 34. f3 e4 35. Qd1+ Ke6 36. Qd4 exf3+ 1/2-1/2

[Event "Vladivostok Zaitsev Memorial"]
[Site "Vladivostok"]
[Date "1995.??.??"]
[Round "6"]
[White "Shulman, Yuri"]
[Black "Tunik, Gennady"]
[Result "1-0"]
[WhiteElo "2540"]
[BlackElo "2515"]
[Annotator "Shulman,Y"]
[PlyCount "41"]
[EventDate "1995.09.??"]
[EventType "tourn"]
[EventRounds "9"]
[EventCountry "RUS"]
[EventCategory "9"]
[SourceTitle "CBM 050"]
[Source "ChessBase"]
[SourceDate "1996.02.01"]
[SourceVersion "1"]
[SourceVersionDate "1996.02.01"]
[SourceQuality "1"]

1. d4 Nf6 2. c4 e6 3. Nf3 b6 4. g3 Ba6 5. Nbd2 Bb7 6. Bg2 c5 7. e4 cxd4 8. O-O
a6 $2 (8... d6 9. Nxd4 Qd7 {Ivanchuk,V-Karpov,A Linares 1994}) 9. e5 Ne4 (9...
Ng4 10. h3 Nh6 11. Nb3 Nf5 12. g4 $16) 10. Ng5 (10. Nxe4 Bxe4 11. Qxd4 Bxf3 (
11... Bc6 12. Be3 b5 (12... Bc5 13. Qg4) 13. Rfd1 $16) 12. Bxf3 Nc6 13. Qe4 $14
) 10... Qxg5 (10... Nc3 11. bxc3 Bxg2 12. Kxg2 (12. Nxf7 Kxf7 13. Kxg2 Nc6 $13)
12... Qxg5 13. cxd4 Nc6 14. Nf3 Qf5 15. Bf4 $16) (10... Nxd2 $2 11. Bxb7 Nxf1 (
11... Ra7 12. Bxd2 Rxb7 13. Qf3 (13. Nxf7 $18 Kxf7 14. Qf3+) 13... d5 14. exd6
Rd7 $14) 12. Qh5 $1 {Tunik,G} g6 13. Qf3 $18) (10... Nxg5 11. Bxb7 Ra7 12. Bg2
f6 13. exf6 Qxf6 14. f4 $16) 11. Nxe4 Qxe5 (11... Qd8 12. Qxd4 $16) 12. Bf4 Qf5
(12... Qa5 13. Qxd4 Nc6 14. Nd6+ (14. Qd1 $36) 14... Bxd6 15. Qxd6 Nd8 (15...
Qc5 16. Qc7 (16. Qxc5 bxc5 17. Bd6 Rc8 18. Bxc5 Na5 19. b4 Nxc4) (16. b4 $6
Qxd6 17. Bxd6 Nd8) 16... Nd8 17. Bxb7 Qxc7 18. Bxc7 Nxb7 19. Bxb6 $16) 16. Rad1
(16. Be3)) 13. Qxd4 f6 (13... Bc6 14. Rfe1 b5 15. Rad1 $40) 14. Nxf6+ $1 $18
Qxf6 15. Be5 Bxg2 (15... Bc5 16. Bxf6 Bxd4 17. Bxd4 Bxg2 18. Kxg2 b5 19. cxb5
axb5 20. Bxg7 $18) 16. Bxf6 Bxf1 (16... Nc6 17. Qg4 Bxf1 18. Qh5+ (18. Bxg7 $2
Be2) 18... g6 19. Qh4 $18) 17. Bxg7 Nc6 18. Qc3 (18. Qf6 $2 Rg8) 18... Rg8 19.
Bxf8 Bxc4 20. Bd6 Bd5 21. Qf6 {/\Ra1-e1-e5-g5} 1-0

[Event "Groningen op-A"]
[Site "Groningen"]
[Date "2010.12.23"]
[Round "3"]
[White "Nyzhnyk, Illya"]
[Black "Werle, Jan"]
[Result "1-0"]
[WhiteElo "2543"]
[BlackElo "2585"]
[Annotator "Skembris,S"]
[PlyCount "57"]
[EventDate "2010.12.21"]
[EventType "swiss"]
[EventRounds "9"]
[EventCountry "NED"]
[SourceTitle "CBM 141"]
[Source "ChessBase"]
[SourceDate "2011.03.17"]
[SourceVersion "1"]
[SourceVersionDate "2011.03.17"]
[SourceQuality "1"]

{Following my Queen's Indian article in CBM 140, I saw this interesting game
which introduces a slightly different idea, but gives us the opportunity to
have a closer look at the ideas of this line. By the way, in this tournament
Nyzhnyk became the youngest grandmaster in the world at present!} 1. d4 Nf6 2.
c4 e6 3. Nf3 b6 4. g3 Ba6 5. Qa4 Bb7 6. Bg2 c5 7. dxc5 bxc5 8. O-O $1 Be7 9.
Nc3 O-O $1 10. Rd1 Qb6 11. Bf4 Rd8 12. Rd2 d6 13. Rad1 h6 14. Qb3 {In my
article in CBM 140 I proposed here 14.Qb5, as was played in many games. But
it's definitely worth looking at the idea which Nyzhnyk tried in this game.
The main ideas are the same, although here Black has the extra possibility of
exchanging the queens on b3 to get some counter game against the pawn b3. On
the other hand White keeps the square b5 for the knight.} (14. Qb5) 14... Ne8
15. e4 $5 {X e5} (15. Qxb6 axb6 16. b3 $36 {transposes to a position analysed
in my article in CBM 140.}) 15... g5 $1 {The correct reaction.} ({Worse would
be} 15... Nc6 $6 16. e5 $14 dxe5 $140 17. Nxe5 Nxe5 18. Bxb7 Rxd2 19. Rxd2 Rb8
20. Bg2 Qxb3 21. axb3 f6 22. Bxe5 fxe5 23. Rd7 $16) ({Preferable for White is
also} 15... Qxb3 16. axb3 $14 f6 $140 17. e5 fxe5 18. Nxe5 Bxg2 19. Kxg2 g5 20.
Be3 Rc8 21. Ng6 Bf6 22. h4 Kg7 23. h5 Bxc3 24. bxc3 Nd7 $140 25. f4 $1 $14 (25.
Rxd6 $5 Nxd6 26. Rxd6 Rc7 27. Rxe6 $44) 25... Rab8 $140 26. fxg5 $16 hxg5 27.
Bxg5 Rxb3 28. Re2 e5 29. Ne7 $18) 16. Be3 Qxb3 $6 {This makes Black's task to
balance the game more difficult.} ({After the natural development move} 16...
Nc6 $5 {White is slightly better but not more than that. White could try} 17.
h4 ({or} 17. Qxb6 axb6 18. h4 gxh4 $5 $132) 17... g4 $140 18. Nh2 h5 19. e5 $5
$36 {but Black can fight on with} Na5 $1 ({but not} 19... dxe5 $2 20. Qxb6 axb6
21. Rd7 $16 Nd6 $140 22. R1xd6) 20. Qxb6 $140 axb6 21. Bxb7 Nxb7 22. b3 Ng7 {
with more or less equal chances.}) 17. axb3 $14 Nd7 $2 {This allows a tactical
solution.} (17... Nc6 $142 18. e5 $140 {and Black can probably balance the
game with} (18. h4 $5 $36) 18... Na5 $5 {Xb3 which leads to a very interesting
and sharp position} ({but not} 18... dxe5 19. Rxd8 Rxd8 (19... Nxd8 20. Nxe5
$16) 20. Rxd8 Nxd8 (20... Bxd8 21. Bxc5 $16) 21. Nxe5 Bxg2 22. Kxg2 $16) 19.
exd6 $140 Nxd6 20. Bxc5 Nxb3 21. Bxd6 Nxd2 22. Bxe7 Bxf3 23. Bxd8 Rxd8 24. Bxf3
Nxf3+ 25. Kg2 Rxd1 26. Nxd1 Ne1+ 27. Kf1 Nf3 {and Black should hold.}) 18. e5
$1 $16 {A well calculated way to reach a clearly better endgame.} Nxe5 19. Nxe5
Bxg2 20. Kxg2 dxe5 21. Rxd8 Rxd8 22. Rxd8 Bxd8 23. Bxc5 a5 {Plays into White's
hands.} (23... a6 $142 24. b4 f5 25. b5 axb5 26. cxb5 Nf6 27. b6 Nd7 28. b7 Bc7
29. b4 Kf7 30. Nb5 Bb8 31. Nd6+ Kf6 32. Nc4 $16) 24. b4 axb4 25. Bxb4 f5 26. c5
Kf7 27. c6 e4 28. Nb5 {The material is equal but the white queenside pawns
will soon decide the game.} Bb6 $2 {The decisive mistake.} (28... Bc7 $142 $16)
29. Bd6 {Here Black resigned because after 29...Nxd6 30.Nxd6 the black king
cannot come to the queenside to stop the white pawns.} 1-0

[Event "Augsburg Ibis 9th"]
[Site "Augsburg"]
[Date "2013.01.05"]
[Round "10"]
[White "Skembris, Spyridon"]
[Black "Hausner, Ivan"]
[Result "1-0"]
[WhiteElo "2463"]
[BlackElo "2413"]
[Annotator "Skembris,S"]
[PlyCount "49"]
[EventDate "2012.12.27"]
[EventType "tourn"]
[EventRounds "11"]
[EventCountry "GER"]
[EventCategory "2"]
[SourceTitle "CBM 152"]
[Source "ChessBase"]
[SourceDate "2013.01.15"]
[SourceVersion "1"]
[SourceVersionDate "2013.01.15"]
[SourceQuality "1"]

1. d4 e6 2. c4 b6 3. Nf3 Nf6 4. g3 Ba6 5. Qa4 Be7 {This is a side line in
which Black tries to keep his bishop on a6 and with a later ...d5 to put
pressure on the diagonal a6-f1. The alternative plan starts with ... c5.} 6.
Bg2 O-O ({After} 6... c6 7. Nc3 O-O 8. Ne5 $5 {White is better, eg} Qe8 ({or} 
8... Qc7 9. Bf4 $14 d6 $140 10. Nxc6 Nxc6 11. Bxc6 (11. Qxa6 $1 Nxd4 12. O-O-O
Rac8 13. Rxd4 e5 14. Nb5 Qc5 15. Nxa7 $1 $16) 11... Rac8 12. Qxa6 Qxc6 13. O-O
Qxc4 14. Qxa7 Rfe8 15. Rfd1 $14) 9. O-O d5 (9... Bb7 10. Bf4 d6 11. Nd3 Na6 12.
Rfd1 $14) 10. cxd5 (10. Bf4 $5 {is worth considering:} Bxc4 $140 11. Nxc4 b5
12. Qc2 bxc4 (12... dxc4 13. Nxb5 $16) 13. b3 $5 cxb3 14. axb3 Nbd7 15. Rfc1 {
with good compensation for the sacrificed pawn.}) 10... cxd5 11. Qxe8 Rxe8 12.
Bf4 Nbd7 13. Nxd7 Nxd7 14. Rfc1 Rac8 15. a4 $36 {1-0 Khenkin,I (2656)
-Iordachescu,V (2645)/Istanbul 2012/CBM 151 (46)}) 7. Nc3 d5 {Black follows
his plan.} ({Also possible is} 7... Bb7 8. O-O $14) 8. Ne5 c6 $5 (8... Bb7 9.
O-O Qe8 (9... Ne4 10. Rd1 f6 11. Nd3 Bc6 12. Qc2 Nxc3 13. bxc3 dxc4 14. Nf4
Bxg2 15. Kxg2 $14 {1-0 Haba,P (2482)-Zimmat,T/Kiel 2001/EXT 2003 (37)}) 10.
Qxe8 Rxe8 11. Bf4 c6 12. Rac1 $14) 9. Nxc6 {During the game I thought that
this was the only way to fight for an opening advantage.} (9. O-O $5 Bxc4 $140
(9... b5 10. cxb5 cxb5 11. Nxb5 Qe8 12. Nc3 Qxa4 13. Nxa4 Bxe2 {I didn't like
this position because d4 is weak and the only game for White is to try to
break the black pawn chain with f4-f5. But it seems that after} 14. Re1 Bb5 15.
Nc3 Ba6 16. Bd2 Rc8 17. Rac1 Bf8 (17... Nbd7 $2 18. Nxd7 Nxd7 19. Nxd5 $18) (
17... Nc6 18. Nxc6 Rxc6 19. Nxd5 $18) 18. f4 g6 19. g4 $1 Nbd7 20. Nxd7 Nxd7
21. f5 $14 {White manages to make his plan work.}) 10. Nxc4 b5 11. Nxb5 cxb5
12. Qxb5 Qd7 13. Qxd7 Nbxd7 14. Ne3 Rfb8 15. Rd1 $14) 9... Nxc6 10. Qxa6 Nxd4 {
White has gained the two bishops and has pressure against d5, but he still
needs to finish his development.} 11. O-O Qc8 $5 $146 {My opponent seemed very
confident when he played this move.} (11... Rc8 12. cxd5 Nxd5 (12... Nc2 13.
Rb1 Nb4 14. Qa4 Nfxd5 15. Nxd5 Nxd5 16. Qxa7 Ra8 17. Qb7 Rxa2 18. Rd1 Bf6 19.
e4 Qc7 20. Qxc7 Nxc7 21. Bf4 e5 22. Be3 Ne6 23. Rd6 $14 {1-0 Deviatkin,A (2588)
-Dodeja,P (2149)/Nagpur 2012/ EXT 2013 (73)}) 13. Bxd5 $1 (13. Nxd5 exd5 14.
Rd1 (14. Bd2 $5 $14 Rc2 $140 $4 15. Qd3 $18) 14... Bf6 $132) 13... exd5 14. Rd1
Nc2 15. Rb1 d4 (15... Na3 16. Nxd5 Nxb1 17. Qxc8 $18) 16. Qa4 $14 {and White
is better} Nb4 $140 (16... Qc7 $142 17. Qxc2 $14 dxc3 18. Qxc3 Qxc3 19. bxc3
$14) 17. Be3 $16) 12. Qxc8 {Probably not the best.} ({It was not clear to me
if White can claim an advantage after} 12. Qa4 $5 $14 Ne4 {but with} (12...
Qxc4 13. Qxc4 dxc4 14. Bxa8 Rxa8 15. Rd1 $16) 13. Nxe4 $1 {he gets the better
game;} dxe4 (13... Nxe2+ 14. Kh1 dxe4 15. Be3 $16 {X KNe2} f5 16. Rae1 f4 17.
Rxe2 f3 18. Rd2 fxg2+ 19. Kxg2 Rf5 20. Qd7) 14. Be3 $1 $14 (14. Bxe4 Nxe2+ 15.
Kg2 Nxc1 16. Raxc1) 14... Nf5 $140 15. Bd2 Qb7 16. c5 bxc5 17. Bxe4 Qxb2 18.
Bxa8 Qxd2 19. Bf3 Nd4 20. Rad1 $16) 12... Raxc8 {Now the position is very
double-edged.} 13. cxd5 exd5 ({White gets the better game after} 13... Nxd5 14.
Bxd5 $1 exd5 15. e3 Nc2 16. Nxd5 Bc5 17. Rb1 Rfd8 18. Rd1 $14 f5 $140 19. a3
Kf7 20. b4 Bd4 21. exd4 Rxd5 22. Bb2 {X KNc2}) ({The best way for Black was} 
13... Bb4 $1 $44 14. dxe6 Bxc3 15. exf7+ Rxf7 16. Bh3 $140 $5 Nxe2+ 17. Kg2 $36
Re8 18. bxc3 Nxc3 (18... Nxc1 19. Raxc1 Rc7 20. Rfe1 $1 Rxe1 21. Rxe1 Kf8 22.
Rc1 Ke7 23. Bf5 $14) 19. Bb2 Nfd5 $1 (19... Ncd5 20. Rae1 $14) 20. Rfe1 {
with an interesting endgame which is hard to evaluate.}) 14. Rd1 $1 $36 {
During the game I thought that this must be the safest way to fight for a
small advantage.} (14. Bg5 $6 Rxc3 15. bxc3 Nxe2+ 16. Kh1 Nxc3 $44) 14... Rxc3
$6 {Finally Black went wrong. This wins two pawns for the exchange but the
white rooks will be very active.} ({Black had to accept the endgame after} 
14... Nc2 $142 15. Rb1 Na3 16. bxa3 (16. Ra1 Nc2 $11) 16... Rxc3 17. Bxd5 Rc2 (
17... Nxd5 18. Rxd5 Bxa3 19. Bxa3 Rxa3 20. Rb2 f5 21. Rc2 $36) (17... Rd8 18.
Bb3 Rxd1+ 19. Bxd1 Bxa3 20. Bxa3 Rxa3 21. Rc1 Kf8 22. Bb3 $14) 18. Bb3 Rxe2 19.
Rb2 $1 $14 Rxb2 $140 20. Bxb2 Rd8 21. Rxd8+ Bxd8 22. a4 $36) 15. bxc3 Nxe2+ 16.
Kf1 Nxc3 17. Rd3 $16 Nce4 (17... Na4 $142 18. Ba3 (18. Rd4 b5 19. Bg5 Nc3 20.
Rd3 Rc8 21. Rc1 b4 22. Bxd5 Nfxd5 23. Rxd5 Bxg5 24. Rxg5 Rc7 $16) 18... Nc5 19.
Rd4) 18. Ba3 {Soon White will win back some pawns as Black has no time to
reorganise his forces.} Re8 (18... Bxa3 19. Rxa3 a5 20. Rd1 Rc8 21. Bxe4 dxe4
22. Rc3 Rb8 23. Rb3 h6 24. Rd6 $16) (18... Nc5 $142 $16) 19. Bxe7 Rxe7 20. Bxe4
dxe4 $2 {This makes things easier for White.} (20... Rxe4 $142 21. Re1 $16) 21.
Rd8+ Ne8 (21... Re8 22. Rxe8+ Nxe8 23. Rd1 a6 24. Rd7 $18) 22. Rad1 Kf8 23.
R1d7 a6 24. Rd6 $1 Rb7 25. R6d7 1-0

[Event "Interpolis-03"]
[Site "Tilburg"]
[Date "1979.11.06"]
[Round "5"]
[White "Sosonko, Gennadi"]
[Black "Portisch, Lajos"]
[Result "1/2-1/2"]
[WhiteElo "2535"]
[BlackElo "2640"]
[Annotator "Sosonko,G"]
[PlyCount "75"]
[EventDate "1979.11.01"]
[EventType "tourn"]
[EventRounds "11"]
[EventCountry "NED"]
[EventCategory "15"]
[SourceTitle "MCL"]
[Source "ChessBase"]
[SourceDate "1999.07.01"]
[SourceVersion "1"]
[SourceVersionDate "1999.07.01"]
[SourceQuality "1"]

1. d4 Nf6 2. c4 e6 3. Nf3 b6 4. g3 Ba6 5. b3 d5 6. Bg2 Bb4+ (6... dxc4 7. Ne5
Bb4+ 8. Kf1 Bd6 9. Nxc4 Nd5 10. Bb2 O-O 11. Kg1 Nc6 12. Nbd2 Bb4 13. Qc2 b5 14.
Ne3 $13 {Lengyel-Zajcev/Graz/1979}) 7. Bd2 Be7 8. O-O O-O (8... c6) 9. cxd5
Nxd5 (9... exd5 10. Nc3) 10. Nc3 Nd7 11. Re1 $6 (11. Rc1) (11. Nxd5 exd5 12.
Bf4) 11... c5 12. Rc1 (12. dxc5 Bxc5 13. Nxd5 exd5 14. Bg5 (14. Bc3 Nf6 15. e3
Ne4 $1 $17) 14... Nf6 15. Bxf6 Qxf6 16. Qxd5 Bb4 $17) 12... Bb7 (12... Rc8 13.
Nxd5 exd5 14. Bh3 $1) 13. Nxd5 Bxd5 14. Bf4 $6 (14. Be3 $10) (14. e4 Bb7 15.
Be3 $13) 14... Nf6 15. Qd3 Be4 16. Qd2 Nd5 $15 17. Red1 Rc8 18. dxc5 Bxc5 19.
Rc4 $1 (19. Qb2 Qe7 $17) (19. Ne5 Bxg2 20. Kxg2 f6 21. Nd3 Ba3 $15) 19... Nxf4
20. Rxe4 Qxd2 21. Rxd2 Nd5 (21... Nxg2 22. Kxg2 $10) 22. Ne5 $10 Bd6 (22... Bb4
$2 23. Rxd5) 23. Nd3 Rfd8 24. Rd4 Nc3 25. a4 Be7 26. Rxd8+ Rxd8 27. Bf3 f5 28.
Rc2 Bf6 29. Kg2 Kf7 30. Nb4 a5 31. Nc6 Rd6 32. Na7 {/\33.Sc8, 33.Tc3 Lc3 34.Sb5
} Rd1 33. Nb5 Nxb5 34. axb5 Rb1 35. Rc7+ Be7 36. Rb7 Rxb3 37. Rxb6 a4 38. Bc6
1/2-1/2

[Event "Rostock-A 15th"]
[Site "Rostock"]
[Date "1989.??.??"]
[Round "8"]
[White "Stern, Rene"]
[Black "Vitolinsh, Alvis"]
[Result "1/2-1/2"]
[WhiteElo "2335"]
[BlackElo "2425"]
[Annotator "Stern,R"]
[PlyCount "87"]
[EventDate "1989.08.19"]
[EventType "tourn"]
[EventRounds "9"]
[EventCountry "DDR"]
[EventCategory "6"]
[SourceTitle "EXT 2002"]
[Source "ChessBase"]
[SourceDate "2001.11.25"]
[SourceVersion "1"]
[SourceVersionDate "2001.11.25"]
[SourceQuality "1"]

1. d4 Nf6 2. Nf3 e6 3. g3 b6 4. Bg2 Bb7 5. O-O c5 6. c4 cxd4 7. Nxd4 (7. Qxd4)
7... Bxg2 8. Kxg2 Qc8 9. b3 a6 10. Kg1 Be7 11. Bb2 O-O 12. Nc3 Qb7 13. Qd3 d6
14. Rac1 Nbd7 15. Rfd1 Ne5 (15... Nc5 $142 16. Qb1 (16. Qf3 Qxf3 17. Nxf3 b5 $1
)) 16. Qb1 h5 17. h4 $2 {Leichten Vorteil bot} (17. h3 {,da} h4 18. g4 Ng6 $2 {
an} 19. Nxe6 {scheitert}) 17... Rfd8 18. a4 g6 (18... d5 $2 19. cxd5 Nxd5 20.
Ne4 $1 {mit der Drohung Nxe6}) 19. Qa1 Bf8 20. a5 Bh6 21. Rb1 Nfg4 22. Bc1 {
Notwendig, denn es drohte 22...Nxf2 23.Kxf2 Ng4+ mit Matt.} Bg7 23. f3 Nf6 24.
Bg5 Rd7 25. Kg2 Rc8 (25... d5 26. Bxf6 Bxf6 27. cxd5 exd5 28. axb6 Qxb6 29. Qa4
{mit unklarer Stellung}) 26. axb6 Qxb6 27. Be3 {Stärker ist} (27. e4 $142 {
nebst Be3}) 27... Qb7 28. Bg1 d5 29. c5 $5 Rdc7 {Die folgenden Züge geschehen
in beiderseitiger Zeitnot.} (29... Rxc5 $2 30. Nxe6) 30. Na4 Nfd7 31. Qa3 a5
32. Rdc1 Bf8 33. Qa1 Bg7 34. Qa3 Qa6 35. Rc2 Bf8 36. Rbc1 Nc6 37. Nxc6 Rxc6 38.
Qa1 Qb5 39. Qd4 $2 Bg7 (39... Qxb3 40. Rb2 Qa3 41. Qd1 Bg7 $1) 40. Qd3 Qxd3 41.
exd3 d4 $2 (41... Rb8 {mit Gewinnaussichten}) 42. Rc4 $1 e5 43. f4 f6 44. Nb6 {
2:37-2:24} (44. Nb6 Rd8 {folgt} 45. Bxd4 $1 exd4 (45... Nxb6 $2 46. cxb6 Rxc4
47. Rxc4 exd4 48. b7 {mit Gewinn}) 46. Rxd4 Rc7 47. c6 Nxb6 48. Rxd8+ Bf8 {
mit ungefährem Ausgleich}) 1/2-1/2